000 00413nam a2200157Ia 4500
008 220216s9999 xx 000 0 und d
100 _aUmland H
245 0 _aMandrel lubricants for automotive hoses-Application and chemistry
260 _bKautschuk Gummi Kunststoffe
_c2001
300 _a172-176
650 _aHose
650 _aLubricant
650 _aMandrel
650 _aPatitioning agent
942 _cJS
999 _c62473
_d62473